Clara e a ilha do plástico (Record no. 15716)

MARC details
000 -Etiqueta do registo
Valores 00750nam a2200229 4500
010 ## - Número ISBN
ISBN 9789898973108
021 ## - Número do Depósito Legal
Número 459598/19
100 ## - Dados gerais de processamento
Dados gerais 20191126d2019 c y0pory50030103ba
200 1# - Titulo e menção de responsabilidade
Título próprio Clara e a ilha do plástico
Primeira menção de responsabilidade Liliana Geraldes
Outras menções de responsabilidade il. Carmen Costa
205 ## - Menção da edição
Edição 1ª ed.
210 #9 - Publicação
Local de publicação Silveira
Nome do editor Associa—cão Pais das Artes
-- BookBuilders,
Data de publicação 2019
215 ## - Descrição física 
Paginação / Volumes 32, [1] p.
Outras indicações físicas il.
Dimensões 26 cm
675 ## - CDU
Notação 087.5
Edição BN
Língua por
675 ## - CDU
Notação 504.5(0.053.5)
Edição BN
Língua por
675 ## - CDU
Notação 502.51(0.053.5)
Edição BN
Língua por
700 #1 - Autor principal (pessoa individual)
Apelido Geraldes,
Nome Liliana,
Datas 1985-
702 #1 - Autor secundário (pessoa individual)
Apelido Costa,
Nome Carmen,
Datas 198?-
801 #0 - Fonte de origem
País PT
Agência BN
Regras de catalogação RPC
856 41 - Localização e acesso electrónico 
URL <a href="http://rnod.bnportugal.gov.pt/ImagesBN/winlibimg.aspx?skey=&doc=2034765&img=133370&save=true">http://rnod.bnportugal.gov.pt/ImagesBN/winlibimg.aspx?skey=&doc=2034765&img=133370&save=true</a>
990 ## - Elementos KOHA
Tipo de documento Livro
Holdings
Situação do levantamento Estado Biblioteca de origem Código de barras Cota Permissão de empréstimo Tipo de documento Forma de aquisição
    Biblioteca Municipal do Alandroal C16178/21 087,5 GER   Livro Compra

Powered by Koha